000 01055nam a2200229Ia 4500
001 16842
003 GE_BSU
008 181216s||||||||xx |||||||||||||| ||und||
020 _a5505011721
040 _cGE_BSU
080 _a821.353.1-92 + 821.353.1.09 + 37.01
100 _aგოგებაშვილი, იაკობ (1840-1912)
245 _aრჩეული თხზულებები : 5 ტომად. ტ. 3
245 _cშემდგ.: ვ. გაგუა, დ. გურგენიძე, გ. სიხარულიძე, ლ. ქაჯაია ; მხატვ.: ა. თოდრია. ტომის რედ. დ.გურგენიძე
260 _aთბილისი
260 _bგანათლება
260 _c1990
300 _a478 გვ.21სმ.
653 _aპედაგოგიკა; ქართული ლიტერატურის ისტორია და კრიტიკა
653 _aრჩეული თხზულებები
942 _cBK
999 _c49906
_d49906